Geología de la Hoja Quillagua, región de Antofagasta

Na minha lista:
Detalhes bibliográficos
Autor principal: Skármeta M., Jorge (Autor)
Outros Autores: Marinovic S., Nicolás (autor)
Formato: Livro
Idioma:espanhol
Publicado em: Santiago Instituto de Investigaciones Geológicas 1981
coleção:Carta Geológica de Chile, 51
Assuntos:
Tags: Adicionar Tag
Sem tags, seja o primeiro a adicionar uma tag!

MARC

LEADER 00000nam a2200000 a 4500
001 UCK1431
003 CL-VaPUC
008 041112e19810000CL |||||||||||||||||spa|d
082 0 4 |a 558.3  |b SKA  |2 21 
100 0 |a Skármeta M., Jorge  |e author  |9 489258 
700 |a Marinovic S., Nicolás  |e autor  |9 489358 
245 1 0 |a Geología de la Hoja Quillagua, región de Antofagasta 
300 |a 63 p 
942 |c BK 
945 |d 20041112 00:00:00  |a cmena 
260 |a Santiago  |b Instituto de Investigaciones Geológicas  |c 1981 
500 |a Escala: 1:250.000 
500 |a Incluye 1 mapa 
650 7 |a MAPAS GEOLOGICOS  |2 CL-VaPUC  |9 362393 
650 0 |a Recursos naturales  |9 255232 
650 7 |a RECURSOS MINERALES  |2 CL-VaPUC  |9 351120 
651 7 |a REGION 02  |2 CL-VaPUC  |9 489260 
651 7 |a ANTOFAGASTA  |2 CL-VaPUC  |9 319270 
583 |a last modification  |c 20041112 00:00:00  |k Rodrigo Vera 
490 0 |a Carta Geológica de Chile, 51 
999 |c 311400  |d 311398 
952 |0 0  |1 0  |4 0  |6 558_300000000000000_SKA_1981  |7 0  |8 F  |9 380783  |a BIBING  |b BIBING  |d 2019-11-21  |i 4041224  |o 558.3 SKA 1981  |p 4041224  |r 2025-01-20  |w 2019-11-21  |y BK_F  |k GEO